<?xml version="1.0" encoding="UTF-8"?>
<collection xmlns="http://www.loc.gov/MARC21/slim">
 <record>
  <leader>01671cam a2200277 a 4500</leader>
  <controlfield tag="001">1/43792</controlfield>
  <controlfield tag="008">130906s2011    enka     b    001 0 eng  </controlfield>
  <datafield tag="020" ind1=" " ind2=" ">
   <subfield code="a">9780262015622 (hardcover : alk. paper)</subfield>
  </datafield>
  <datafield tag="020" ind1=" " ind2=" ">
   <subfield code="a">0262015625 (hardcover : alk. paper)</subfield>
  </datafield>
  <datafield tag="035" ind1=" " ind2=" ">
   <subfield code="l">46721</subfield>
  </datafield>
  <datafield tag="040" ind1=" " ind2=" ">
   <subfield code="a">DLC</subfield>
   <subfield code="c">DLC</subfield>
   <subfield code="d">GR-PeUP</subfield>
  </datafield>
  <datafield tag="082" ind1="0" ind2="0">
   <subfield code="a">339.5΄30973 AXI</subfield>
  </datafield>
  <datafield tag="100" ind1="1" ind2=" ">
   <subfield code="a">Axilrod, S. H.</subfield>
  </datafield>
  <datafield tag="245" ind1="1" ind2="0">
   <subfield code="a">Inside the Fed :</subfield>
   <subfield code="b">monetary policy and its management, Martin through Greenspan to Bernanke /</subfield>
   <subfield code="c">Stephen H. Axilrod.</subfield>
  </datafield>
  <datafield tag="250" ind1=" " ind2=" ">
   <subfield code="a">Rev. ed.</subfield>
  </datafield>
  <datafield tag="260" ind1=" " ind2=" ">
   <subfield code="a">Cambridge, Mass. :</subfield>
   <subfield code="b">MIT Press,</subfield>
   <subfield code="c">c2011.</subfield>
  </datafield>
  <datafield tag="300" ind1=" " ind2=" ">
   <subfield code="a">viii, 225 σ. :</subfield>
   <subfield code="b">εικ. ;</subfield>
   <subfield code="c">24 εκ.</subfield>
  </datafield>
  <datafield tag="504" ind1=" " ind2=" ">
   <subfield code="a">Περιέχει βιβλιογραφία και ευρετήριο.</subfield>
  </datafield>
  <datafield tag="505" ind1="0" ind2=" ">
   <subfield code="a">Overview of policy management and managers -- In Bill Martin's time -- Arthur Burns and the struggle against inflation -- The Miller interlude -- Paul Volcker and the victory over inflation -- The Greenspan years, from stability to crisis -- Bernanke and the response to the great credit crisis -- The Fed and its image -- Concluding remarks -- Appendix A: chronology of federal reserve system chairmen and U.S. presidents -- Appendix B: key economic objectives and monetary policy indicators.</subfield>
  </datafield>
  <datafield tag="650" ind1=" " ind2="4">
   <subfield code="a">Monetary policy</subfield>
   <subfield code="z">United States.</subfield>
  </datafield>
  <datafield tag="610" ind1="2" ind2="0">
   <subfield code="a">Board of Governors of the Federal Reserve System (U.S.)</subfield>
  </datafield>
  <datafield tag="650" ind1=" " ind2="4">
   <subfield code="a">Banks and banking, Central</subfield>
   <subfield code="z">United States.</subfield>
  </datafield>
  <datafield tag="650" ind1=" " ind2="4">
   <subfield code="a">Federal Reserve banks.</subfield>
  </datafield>
  <datafield tag="852" ind1=" " ind2=" ">
   <subfield code="a">INST</subfield>
   <subfield code="b">UNIPILB</subfield>
   <subfield code="c">MAIN</subfield>
   <subfield code="e">20130906</subfield>
   <subfield code="h">339.5΄30973 AXI</subfield>
   <subfield code="p">00169311</subfield>
   <subfield code="q">00169311</subfield>
   <subfield code="t">LOAN</subfield>
   <subfield code="y">0</subfield>
   <subfield code="4">1</subfield>
  </datafield>
  <datafield tag="856" ind1="4" ind2=" ">
   <subfield code="d">/webopac/covers/03/46721_9780262015622.jpg</subfield>
   <subfield code="z">(hardcover : alk. paper)</subfield>
  </datafield>
  <datafield tag="856" ind1="4" ind2=" ">
   <subfield code="d">/webopac/covers/03/46721_0262015625.jpg</subfield>
   <subfield code="z">(hardcover : alk. paper)</subfield>
  </datafield>
 </record>
</collection>
